| Tag |
First Indicator |
Second Indicator |
Subfields |
| LEADER |
00000cas a2200000 a 4500 |
| 001 |
in00000980341 |
| 005 |
20150927115316.0 |
| 008 |
900124c198u9999dcuqr p s f0uuu 0eng d |
| 010 |
|
|
|a (DG91051396
|
| 010 |
|
|
|a sn 90020152
|
| 035 |
|
|
|a (OCoLC)20948438
|
| 035 |
|
|
|9 AEX0804AM
|
| 037 |
|
|
|b National Institute of Justice/NCJRS, P.O. Box 6000, Rockville, MD 20850
|
| 040 |
|
|
|a SLW
|c SLW
|d GPO
|d GPA
|d DLC
|d UtOrBLW
|
| 042 |
|
|
|a lcd
|
| 043 |
|
|
|a n-us---
|
| 074 |
|
|
|a 717-J-1
|
| 086 |
0 |
|
|a J 28.15/2-3:
|z J 28.15/2-2:D 84/3
|z J 28.15/2-2:D 84/6
|
| 245 |
0 |
0 |
|a DUF :
|b drug use forecasting.
|
| 246 |
1 |
0 |
|a Drug use forecasting
|
| 264 |
|
1 |
|a Washington, D.C. :
|b U.S. Dept. of Justice, Office of Justice Programs, National Institute of Justice.
|
| 300 |
|
|
|a volumes :
|b illustrations ;
|c 28 cm.
|
| 310 |
|
|
|a Quarterly
|
| 336 |
|
|
|a text
|b txt
|2 rdacontent
|
| 337 |
|
|
|a unmediated
|b n
|2 rdamedia
|
| 338 |
|
|
|a volume
|b nc
|2 rdacarrier
|
| 490 |
1 |
|
|a Research in action
|
| 500 |
|
|
|a Description based on: Jan. to Mar. 1989; title from caption.
|
| 650 |
|
0 |
|a Drug abuse
|z United States
|v Statistics
|v Periodicals.
|
| 650 |
|
0 |
|a Drug abuse
|z United States
|x Forecasting
|x Statistics
|x Periodicals.
|
| 710 |
2 |
|
|a National Institute of Justice (U.S.)
|
| 830 |
|
0 |
|a Research in action (Washington, D.C.)
|
| 999 |
|
|
|a MARS
|
| 999 |
f |
f |
|s ebfec379-7e7d-3fe8-af49-7002d9a164d9
|i 7b6fd2ea-6fba-3753-ad2f-6d9e018caece
|t 0
|
| 952 |
f |
f |
|p serial
|a Texas A&M University
|b College Station
|c Sterling C. Evans Library
|d Evans: US Documents (Annex 5th floor)
|t 0
|e J 28.15/2-3:
|h Superintendent of Documents classification
|i unmediated -- volume
|l 1988:Fourth Quarter
|m A14814259210
|
| 998 |
f |
f |
|a J 28.15/2-3:
|t 0
|l Evans: US Documents (Annex 5th floor)
|